[Event "COL-ch Amateur U1700"]
[Site "Bogota"]
[Date "2017.03.04"]
[Round "5"]
[White "Cubillos, Carlos Alberto"]
[Black "Munoz, Rafael Antonio"]
[Result "1-0"]
[WhiteElo "1685"]
[BlackElo "1610"]
[PlyCount "65"]
[EventDate "2017.03.02"]
[EventType "swiss"]
[EventRounds "7"]
[EventCountry "COL"]
[SourceTitle "CBM 177 Extra"]
[Source "ChessBase"]
[SourceDate "2017.04.27"]
[SourceVersion "1"]
[SourceVersionDate "2017.04.27"]
[SourceQuality "1"]

1. d4 Nf6 2. c4 g6 3. Nc3 Bg7 4. e4 d6 5. Nf3 0-0 6. Be2 e5 7. 0-0 Nc6 8. d5 Ne7 9. b4 Ne8 10. a4 f5 11. c5 dxc5 12. bxc5 fxe4 13. Nd2 Nf6 14. Bc4 Kh8 15. Ndxe4 Bf5 16. f3 Qd7 17. Ba3 c6 18. d6 Neg8 19. a5 Bxe4 20. Nxe4 Nxe4 21. fxe4 Nf6 22. Qc2 Ng4 23. Qb3 Rae8 24. Rxf8+ Bxf8 25. Rf1 Bh6 26. Rf7 Be3+ 27. Qxe3 Nxe3 28. Rxd7 Nxc4 29. Bb4 b6 30. Rxa7 bxa5 31. Bxa5 Nxa5 32. Rxa5 Kg7 33. Ra7+ 1-0